Gene Cloning and DNA analysis : An introduction

Na minha lista:
Detalhes bibliográficos
Autor principal: Brown, Terence A. (Author)
Formato: Livro
Idioma:inglês
Publicado em: Oxford : Blackwell Science, 2001
Edição:4th Edition
Tags: Adicionar Tag
Sem tags, seja o primeiro a adicionar uma tag!

MARC

LEADER 00000nam a22000003a 4500
001 stu74862
005 20150617225647.6
008 020307s2001----uk------------------eng-d
020 |a 0-632-05901-X 
040 |a STU  |b slo 
041 0 |a eng 
044 |a uk 
080 |a 575.1 
100 1 |a Brown, Terence A.  |4 aut 
245 1 |a Gene Cloning and DNA analysis :  |b An introduction 
250 |a 4th Edition 
260 |a Oxford :  |b Blackwell Science,  |c 2001 
300 |a 363 s. Obr.,tab.,grafy,lit.,index 
996 |b C96811  |c C*96811  |l CCXV  |s P  |a 0  |w stu74862_0001